QCM Maisons Harry Potter FRANCAIS - Statistiques

Statistiques générales
  • Ce quiz a été pris 7 677 fois
  • Le résultat moyen est 14 sur 20
Statistiques - réponses
Question Réponse % Correct
Ginevra (Ginny) WEASLEY Gryffondor
99%
James POTTER Gryffondor
98%
Tom Elvis JEDUSOR Serpentard
92%
Cédric DIGGORY Poufsouffle
90%
Luna LOVEGOOD Serdaigle
88%
Pomona CHOURAVE Poufsouffle
87%
Rubeus HAGRID Gryffondor
86%
Cho CHANG Serdaigle
83%
Dolores OMBRAGE Serpentard
83%
Blaise ZABINI Serpentard
77%
Narcissa BLACK Serpentard
73%
Nobert DRAGONNEAU Poufsouffle
66%
Parvati PATIL Gryffondor
64%
Colin CRIVEY Gryffondor
56%
Nymphadora TONKS Poufsouffle
52%
Gilderoy LOCKHART Serdaigle
48%
Mimi GEIGNARDE Serdaigle
47%
Marcus FLINT Serpentard
47%
Padma PATIL Serdaigle
44%
Garrick OLLIVANDER Serdaigle
39%
Aucun quiz correspondant
Distribution des résultats
% des personnes avec chaque résultat
Percentile par nombre de réponses
Votre historique - résultats
Vous n’avez pas pris ce quiz